000
00282nam a2200109Ia 4500
008
220204s9999 xx 000 0 und d
082
_a
677.47
_b
TRU
100
_a
Truter, E V
245
0
_a
Natural protein fibres: basic chemistry
260
_a
London
_b
Elek Science
_c
1973
942
_c
BK
999
_c
36063
_d
36063